000 00267nam a2200109Ia 4500
008 220204s9999 xx 000 0 und d
082 _a519.2
_bDEG
100 _aMorris H
245 0 _aProbability and statistics
260 _aLondon
_bAddison Wesley
_c1975
942 _cBK
999 _c26675
_d26675